Stanley Cup Titles - Statistics

General Stats
  • This quiz has been taken 27 times
  • The average score is 27 of 32
Answer Stats
Number of Titles/Appearances Team % Correct
3 Wins Colorado Avalanche
94%
5 Wins Edmonton Oilers
94%
23 Wins Montreal Canadiens
94%
13 Wins Toronto Maple Leafs
94%
1 Win Anaheim Ducks
88%
6 Wins Boston Bruins
88%
6 Wins Chicago Blackhawks
88%
1 Win Dallas Stars
88%
11 Wins Detroit Redwings
88%
2 Wins Los Angeles Kings
88%
4 Wins New York Islanders
88%
4 Wins New York Rangers
88%
2 Wins Philadelphia Flyers
88%
5 Wins Pittsburgh Penguins
88%
1 Win St. Louis Blues
88%
3 Wins Tampa Bay Lightning
88%
Vancouver Canucks
88%
1 Win Washington Capitals
88%
1 Win Calgary Flames
81%
1 Win Carolina Hurricanes
81%
2 Wins Florida Panthers
81%
No Appearances Minnesota Wild
81%
Nashville Predators
81%
San Jose Sharks
81%
1 Win Vegas Golden Knights
81%
Winnipeg Jets
81%
Buffalo Sabres
75%
Seattle Kraken
75%
Columbus Blue Jackets
69%
3 Wins New Jersey Devils
69%
No Wins but have an appearance Ottawa Senators
69%
Utah Mammoth
63%
No matching quizzes found
Score Distribution
Percent of People with Each Score
Percentile by Number Answered
Your Score History
You have not taken this quiz